000 00339nam a22001457a 4500
008 210303b ||||| |||| 00| 0 eng d
020 _a9781439048948
041 _aeng
080 _28th
_a510
082 _a510
100 _a36
101 _aMAT
245 _aAnnotated Instructors Edition College Algebra
_cLarson, R
942 _2udc
_cBK
999 _c55636
_d55636